00590nam a2200169Ia 4500008004100000020001500041041000800056082001700064100001800081245007600099250000600175260006100181300001200242650002000254999001900274952012700293210716s2002 xx 000 0 und d a007048709X aeng a621.381 HSUT aHsu, Tai Ram. aMems and microsystems: design and manufacture.bDesign and manufacture. a1 aNew DelhibTata McGraw Hill Publishing Company Ltdc2002 axii,436 aDigital Systems c186313d186313 001040708MCAaAIMITbAIMITeBook Palaceg295.00l0o621.381 HSUTpMCA05821r2025-07-21 00:00:00v236.00w2021-07-16yBK